Statistiques concernant Hockey sur Gazon: Pays Champions du Monde (Hommes et Femmes)

Cliquez ici pour prendre le quiz!

Statistiques générales

  • Ce quiz a été pris 71 fois
  • Le résultat moyen est 5 sur 6

Statistiques - réponses

Réponse% Correct
Allemagne
95%
Pays-Bas
94%
Inde
92%
Australie
86%
Pakistan
86%
Argentine
67%

Distribution des résultats

Percentile par nombre de réponses

% des personnes avec chaque résultat

Votre développement - résultats

Vous n’avez pas pris ce quiz